[Event "Tabor op"]
[Site "Tabor"]
[Date "2012.08.04"]
[Round "8"]
[White "Zabloudil, Frantisek"]
[Black "Chalupecky, Vladimir"]
[Result "1-0"]
[WhiteElo "1878"]
[BlackElo "1964"]
[PlyCount "131"]
[EventDate "2012.07.29"]
[EventType "swiss"]
[EventRounds "9"]
[EventCountry "CZE"]
[SourceTitle "EXT 2013"]
[Source "ChessBase"]
[SourceDate "2012.11.22"]
[SourceVersion "1"]
[SourceVersionDate "2012.11.22"]
[SourceQuality "1"]

1. e4 e5 2. Nf3 d6 3. d4 Nd7 4. Bc4 c6 5. 0-0 Be7 6. c3 Ngf6 7. Bd3 0-0 8. h3 Qc7 9. Be3 a6 10. a4 b6 11. b4 Re8 12. Re1 Nf8 13. Nbd2 Ng6 14. Nf1 exd4 15. cxd4 d5 16. e5 Ne4 17. Qb1 Bf5 18. Rc1 Qd7 19. N3h2 Be6 20. Ra2 c5 21. f3 cxd4 22. Bxd4 Ng5 23. Ng3 Nf4 24. h4 Ngh3+ 25. gxh3 Nxh3+ 26. Kh1 g6 27. h5 Bh4 28. Ne2 Nf2+ 29. Bxf2 Bxf2 30. Ng1 Be3 31. Re1 d4 32. Rg2 Kf8 33. Ng4 Bxg4 34. Rxg4 Rxe5 35. Rh4 g5 36. Re4 Rae8 37. Re2 g4 38. Rxg4 Rxh5+ 39. Rh2 Rxh2+ 40. Kxh2 h5 41. Re4 Qd6+ 42. Kh1 Rc8 43. Ne2 Qf6 44. Qf1 Qg5 45. Qg2 Qf6 46. Qh3 Rc6 47. Bxa6 Qg5 48. Qg2 Qh6 49. Bb5 Rg6 50. Qh2 Qg5 51. Re8+ Kg7 52. Qe5+ Qxe5 53. Rxe5 Kf6 54. Rxh5 Rg8 55. Bd3 Ke6 56. Rb5 Rd8 57. Rxb6+ Ke5 58. Rb5+ Kd6 59. Rh5 Rb8 60. Rb5 Ra8 61. a5 Rh8+ 62. Kg2 Rg8+ 63. Kh3 Rh8+ 64. Kg4 Rg8+ 65. Kf5 Rg5+ 66. Kf6 1-0

[Event "Tabor op"]
[Site "Tabor"]
[Date "2012.07.30"]
[Round "3"]
[White "Bartos, Alois"]
[Black "Zabloudil, Frantisek"]
[Result "1-0"]
[WhiteElo "2082"]
[BlackElo "1878"]
[PlyCount "77"]
[EventDate "2012.07.29"]
[EventType "swiss"]
[EventRounds "9"]
[EventCountry "CZE"]
[SourceTitle "EXT 2013"]
[Source "ChessBase"]
[SourceDate "2012.11.22"]
[SourceVersion "1"]
[SourceVersionDate "2012.11.22"]
[SourceQuality "1"]

1. e4 e5 2. Bc4 Nf6 3. d3 Bc5 4. Nf3 d6 5. 0-0 0-0 6. c3 Bg4 7. h3 Bxf3 8. Qxf3 h6 9. Re1 Nc6 10. Nd2 a6 11. Bb3 Ne7 12. Nf1 Ng6 13. Ng3 Nh4 14. Qe2 Kh8 15. Kh2 Nh7 16. Rf1 Qe7 17. f4 exf4 18. Bxf4 Rae8 19. d4 Bb6 20. Bc2 f5 21. Qd3 g5 22. Bd2 f4 23. Nh1 c5 24. Rad1 Bc7 25. Kg1 b5 26. b3 Qf7 27. g3 c4 28. bxc4 bxc4 29. Qe2 f3 30. Qf2 Ng2 31. Rb1 Qh5 32. Bd1 Qxh3 33. Bxf3 g4 34. Qxg2 Qh5 35. Be2 Nf6 36. Nf2 Qg6 37. Rb7 Ba5 38. Bxc4 Nxe4 39. Nxe4 1-0

[Event "Tabor op"]
[Site "Tabor"]
[Date "2011.08.01"]
[Round "3"]
[White "Tesar, Jan"]
[Black "Zabloudil, Frantisek"]
[Result "1-0"]
[WhiteElo "2086"]
[BlackElo "1927"]
[PlyCount "35"]
[EventDate "2011.07.31"]
[EventType "swiss"]
[EventRounds "9"]
[EventCountry "CZE"]
[SourceTitle "CBM 143 Extra"]
[Source "ChessBase"]
[SourceDate "2011.08.29"]
[SourceVersion "1"]
[SourceVersionDate "2011.08.29"]
[SourceQuality "1"]

1. d4 d6 2. e4 Nf6 3. Nc3 g6 4. Be3 Bg7 5. Qd2 0-0 6. 0-0-0 Na6 7. f3 b6 8. g4 c5 9. Nge2 Bb7 10. Bh6 Rc8 11. Bxg7 Kxg7 12. h4 cxd4 13. Nxd4 Nc5 14. h5 a6 15. hxg6 fxg6 16. Bc4 d5 17. Qh6+ Kh8 18. Bxd5 1-0

[Event "Tabor op"]
[Site "Tabor"]
[Date "2011.07.31"]
[Round "1"]
[White "Ivanov, Mikhail M"]
[Black "Zabloudil, Frantisek"]
[Result "1-0"]
[WhiteElo "2410"]
[BlackElo "1927"]
[PlyCount "101"]
[EventDate "2011.07.31"]
[EventType "swiss"]
[EventRounds "9"]
[EventCountry "CZE"]
[SourceTitle "CBM 143 Extra"]
[Source "ChessBase"]
[SourceDate "2011.08.29"]
[SourceVersion "1"]
[SourceVersionDate "2011.08.29"]
[SourceQuality "1"]

1. d4 d6 2. g3 g6 3. Bg2 Bg7 4. e4 c5 5. d5 Nf6 6. a4 0-0 7. Nc3 e5 8. Nf3 Nh5 9. Nd2 Qe7 10. 0-0 Na6 11. Nc4 Nc7 12. Ra3 b6 13. Re1 Nf6 14. Bf1 Nfe8 15. f4 exf4 16. gxf4 Qh4 17. Qe2 Bg4 18. Qf2 Qxf2+ 19. Kxf2 Na6 20. Nxd6 Nb4 21. Nxe8 Rfxe8 22. h3 Bd7 23. Re2 a6 24. Na2 b5 25. a5 Bf6 26. Nxb4 cxb4 27. Rb3 Bd8 28. Rxb4 Bxa5 29. Rb3 b4 30. e5 Ba4 31. d6 Rec8 32. Be3 Rxc2 33. Rxc2 Bxb3 34. Rc6 Be6 35. Rxa6 Rxa6 36. Bxa6 Bxh3 37. Ba7 Bd7 38. Bb8 Bb6+ 39. Kg3 h5 40. Bc7 Bd4 41. b3 Bc3 42. Bb7 Be1+ 43. Kf3 h4 44. Bb6 Bc3 45. Bd5 g5 46. fxg5 Bxe5 47. g6 Bxd6 48. Bxf7+ Kf8 49. Be3 Kg7 50. Bd4+ Kf8 51. Bd5 1-0

[Event "Tabor op"]
[Site "Tabor"]
[Date "2010.08.03"]
[Round "4"]
[White "Zabloudil, Frantisek"]
[Black "Prochazka, Pavel"]
[Result "1/2-1/2"]
[WhiteElo "1963"]
[BlackElo "1774"]
[PlyCount "44"]
[EventDate "2010.08.01"]
[EventType "swiss"]
[EventRounds "9"]
[EventCountry "CZE"]
[SourceTitle "EXT 2012"]
[Source "ChessBase"]
[SourceDate "2011.11.24"]
[SourceVersion "1"]
[SourceVersionDate "2011.11.24"]
[SourceQuality "1"]

1. e4 c6 2. d4 d5 3. Nc3 dxe4 4. Nxe4 Bf5 5. Ng3 Bg6 6. N1e2 h6 7. Nf4 Bh7 8. Bc4 e6 9. 0-0 Nf6 10. Re1 Nd5 11. Ngh5 g6 12. Nxd5 cxd5 13. Bb5+ Nc6 14. Nf4 Qd7 15. c4 a6 16. Nxd5 Bg7 17. Nb6 Qd8 18. Nxa8 axb5 19. cxb5 Nxd4 20. Be3 0-0 21. Bxd4 Bxd4 22. b6 Qf6 1/2-1/2

[Event "Tabor op"]
[Site "Tabor"]
[Date "2009.08.09"]
[Round "9"]
[White "Houska, Jiri"]
[Black "Zabloudil, Frantisek"]
[Result "1-0"]
[WhiteElo "2173"]
[BlackElo "1978"]
[PlyCount "45"]
[EventDate "2009.08.02"]
[EventType "swiss"]
[EventRounds "9"]
[EventCountry "CZE"]
[SourceTitle "CBM 131 Extra"]
[Source "ChessBase"]
[SourceDate "2009.09.03"]
[SourceVersion "2"]
[SourceVersionDate "2009.09.16"]
[SourceQuality "1"]

1. d4 d5 2. c4 c6 3. Nc3 e6 4. Nf3 Nf6 5. Bg5 dxc4 6. e4 b5 7. e5 h6 8. Bh4 g5 9. Nxg5 hxg5 10. Bxg5 Be7 11. exf6 Bxf6 12. Be3 Na6 13. a4 Nc7 14. Be2 Bb7 15. Bf3 b4 16. Ne4 Nd5 17. Nc5 Bc8 18. Rc1 Qc7 19. g3 c3 20. bxc3 Nxc3 21. Qd2 a5 22. 0-0 Qe7 23. Bxc6+ 1-0

[Event "Tabor op"]
[Site "Tabor"]
[Date "2008.07.28"]
[Round "3"]
[White "Hrivnakova, Anna"]
[Black "Zabloudil, Frantisek"]
[Result "1-0"]
[WhiteElo "1733"]
[BlackElo "2018"]
[PlyCount "93"]
[EventDate "2008.07.26"]
[EventType "swiss"]
[EventRounds "9"]
[EventCountry "CZE"]
[SourceTitle "CBM 125 Extra"]
[Source "ChessBase"]
[SourceDate "2008.09.01"]
[SourceVersion "1"]
[SourceVersionDate "2008.09.01"]
[SourceQuality "1"]

1. Nf3 d5 2. d4 e6 3. c4 c6 4. Nc3 Nf6 5. Bg5 Nbd7 6. e3 Be7 7. Qc2 h6 8. Bh4 dxc4 9. Bxc4 Nd5 10. Bxe7 Qxe7 11. 0-0 N7b6 12. Be2 0-0 13. Rac1 Bd7 14. Ne5 Be8 15. Nxd5 Nxd5 16. a3 f6 17. Nf3 Bh5 18. Nh4 Be8 19. g3 f5 20. Nf3 Nf6 21. Ne5 g5 22. Qc5 Qxc5 23. Rxc5 Ne4 24. Rcc1 g4 25. Bc4 Rf6 26. f3 Nd2 27. Rf2 Nxf3+ 28. Nxf3 gxf3 29. Rxf3 Kg7 30. b4 a6 31. Rcf1 Bh5 32. Rf4 Raf8 33. a4 Be8 34. a5 Bd7 35. Be2 Be8 36. Bd3 Bd7 37. e4 fxe4 38. Rxf6 Rxf6 39. Rxf6 Kxf6 40. Bxe4 e5 41. d5 cxd5 42. Bxd5 Bc8 43. Kf2 Ke7 44. Ke3 Kd6 45. Bf3 Kc7 46. h4 Bd7 47. g4 1-0